VIRGEM - Statistics

Estatísticas Gerais
  • Esse quiz foi jogado 130 vezes
  • A pontuação média é 11 de 12
Estatísticas das Respostas
Hint Resposta % Correto
Laranjal (pista) 2100 ft
100%
Casa branca (pista) 2300 ft
92%
Jacuba (pista) 2400 ft
92%
Casa branca (proa) 250°
92%
São sebastião da grama (proa) 260°
92%
Vargem grande do sul (proa) 270°
92%
Aguaí (proa) 305°
92%
Abengoa (pista) 2000 ft
85%
Santa Cruz das Palmeiras (proa) 225°
85%
Vargem Grande do Sul (pista) 2300 ft
85%
Centro da área (proa) 275°
85%
São joão da boa vista (proa) 290°
85%
Nenhum quiz correspondente encontrado
Distribuição das Pontuações
Porcentagem de Pessoas com Cada Pontuação
Percentil de Números Respondidos
Sua Pontuação Histórica
Você não jogou esse quiz